Territoires envahis par Invader - Statistiques

Statistiques générales
  • Ce quiz a été pris 16 fois
  • Le résultat moyen est 78 sur 121
Statistiques - réponses
Nombre d'invaders Pays Réponse % Correct
Allemagne Allemagne
100%
États-Unis États-Unis
100%
France France
100%
Italie Italie
100%
219 États-Unis New York
100%
1552 France Paris
100%
Pays-Bas Pays-Bas
100%
26 Pays-Bas Amsterdam
90%
17 Espagne Barcelone
90%
Belgique Belgique
90%
12 Allemagne Berlin
90%
42 Belgique Bruxelles
90%
Espagne Espagne
90%
Japon Japon
90%
48 France Lyon
90%
97 France Marseille
90%
Portugal Portugal
90%
75 Italie Rome
90%
Royaume-Uni Royaume-Uni
90%
Australie Australie
80%
Autriche Autriche
80%
Chine Chine
80%
Corée-du-Sud Corée-du-Sud
80%
6 France Lille
80%
166 Royaume-Uni Londres
80%
214 États-Unis Los Angeles
80%
Mexique Mexique
80%
18 Allemagne Munich
80%
14 Corée-du-Sud Séoul
80%
Suisse Suisse
80%
138 Japon Tokyo
80%
11 France Toulouse
80%
16 France Amiens
70%
2 Belgique Anvers
70%
Brésil Brésil
70%
Espace Espace
70%
14 Allemagne Francfort sur le Main
70%
Israël Israël
70%
42 France Montpellier
70%
4 France Rennes
70%
26 Pays-Bas Rotterdam
70%
Slovénie Slovénie
70%
2 Espace Space
70%
Suède Suède
70%
Tunisie Tunisie
70%
Turquie Turquie
70%
56 Autriche Vienne
70%
10 France Aix-en-Provence
60%
25 Suisse Bâle
60%
51 Thaïlande Bangkok
60%
60 France Biarritz-Anglet-Bayonne (BAB)
60%
47 France Clermont-Ferrand
60%
27 Allemagne Cologne
60%
40 France Côte d'Azur
60%
6 France Dijon
60%
33 Suisse Genève
60%
57 France Grenoble
60%
132 Chine Hong-Kong
60%
Inde Inde
60%
9 France La Ciotat
60%
11 France La Réunion
60%
42 Slovénie Ljubljana
60%
47 Royaume-Uni Manchester
60%
Maroc Maroc
60%
4 Maroc Marrakech
60%
25 Australie Melbourne
60%
85 États-Unis Miami
60%
3 France Nantes
60%
5 France Nîmes
60%
12 France Orléans
60%
10 France Pau
60%
8 France Perpignan
60%
26 Australie Perth
60%
Tanzanie Tanzanie
60%
Thaïlande Thaïlande
60%
42 France Versaille
60%
4 Suisse Anzère
50%
41 France Avignon
50%
34 France Bastia
50%
29 Suisse Berne
50%
| 11 Bhoutan Bhoutan
50%
40 Espagne Bilbao
50%
Bolivie Bolivie
50%
Bosnie-Herzégovine Bosnie-Herzégovine
50%
3 Mexique Cancun
50%
10 France Cap Ferret
50%
1 Belgique Charleroi
50%
23 Corée-du-Sud Daejeon
50%
58 Tunisie Djerba
50%
2 Israël Eilat
50%
4 Portugal Faro
50%
46 France Fontainebleau
50%
4 France Forcalquier
50%
3 Bosnie-Herzégovine Grude
50%
8 Tanzanie Grumeti
50%
2 Suède Halmstad
50%
20 Turquie Istanbul
50%
Kenya Kenya
50%
18 Suisse Lausanne
50%
8 France Luberon
50%
29 Espagne Malaga
50%
11 France Montauban
50%
25 Royaume-Uni Newcastle
50%
53 Bolivie Potosi
50%
20 Maroc Rabat
50%
40 Italie Ravenne
50%
21 États-Unis San Diego
50%
52 Brésil Sao Paulo
50%
14 Inde Varanasi
50%
3 Suède Visby
50%
Bangladesh Bangladesh
40%
2 France Contis-Les-Bains
40%
6 Bangladesh Dacca
40%
28 Népal Katmandou
40%
5 Espagne Minorque
40%
10 Kenya Mombasa
40%
Népal Népal
40%
10 Pays-Bas Noordwijk
40%
6 Belgique Redu
40%
3 France Valmorel
40%
Aucun quiz correspondant
Distribution des résultats
% des personnes avec chaque résultat
Percentile par nombre de réponses
Votre historique - résultats
Vous n’avez pas pris ce quiz